[Event "Championnat de France des Jeunes - Pupi"]
[Site "TROYES"]
[Date "2010.04.12"]
[Round "2.1"]
[White "Hug, Roxana"]
[Black "Joudelat, Noemie"]
[Result "0-1"]
[WhiteElo "1490"]
[BlackElo "1763"]
[PlyCount "74"]
[EventDate "2010.??.??"]

1. e4 c5 2. Nf3 Nc6 3. d4 cxd4 4. Nxd4 g6 5. Nc3 d6 6. Be2 Bg7 7. Be3 Nf6 8.
O-O O-O 9. f4 Qb6 10. Rb1 Ng4 11. Bxg4 Bxg4 12. Qxg4 Bxd4 13. Bxd4 Nxd4 14. Kh1
Nxc2 15. Qe2 Nd4 16. Qf2 e5 17. Nd5 Qd8 18. fxe5 dxe5 19. Rbc1 f5 20. Qe3 f4
21. Qh3 Rf7 22. Rc4 Kg7 23. Rfc1 Qa5 24. Rc7 Raf8 25. Qg4 Nc6 26. Rxf7+ Rxf7
27. Qe6 Qd2 28. Rf1 Qxb2 29. Qg4 Qxa2 30. h4 h5 31. Qf3 a5 32. g3 Nd4 33. Qd1
f3 34. Ne3 Qe2 35. Qxe2 fxe2 36. Re1 Rf3 37. Nc4 Rf1+ 0-1

[Event "Championnat de France des Jeunes - Pupi"]
[Site "TROYES"]
[Date "2010.04.12"]
[Round "2.2"]
[White "Duval, Claire"]
[Black "Genaudet, Eloise"]
[Result "1-0"]
[WhiteElo "1750"]
[BlackElo "1477"]
[PlyCount "101"]

1. d4 Nf6 2. c4 g6 3. Nc3 Bg7 4. Nf3 O-O 5. Bf4 d6 6. e4 Nbd7 7. d5 Nc5 8. Qc2
a5 9. Bd3 e5 10. Be3 Nfd7 11. O-O Nxd3 12. Qxd3 Nf6 13. h3 Ne8 14. Rfd1 f5 15.
exf5 Bxf5 16. Qe2 Nf6 17. g4 Nxg4 18. hxg4 Bxg4 19. Bg5 Bxf3 20. Bxd8 Bxe2 21.
Nxe2 Raxd8 22. Rac1 h5 23. b3 Rf3 24. Rc2 g5 25. Kg2 g4 26. Rh1 Rdf8 27. Ng3
R8f4 28. Re2 Bf6 29. Rxh5 Kg7 30. Rh1 b6 31. Nh5+ Kg6 32. Nxf4+ exf4 33. Rhe1
Rh3 34. Re8 f3+ 35. Kg1 Kf7 36. R8e3 g3 37. Rxf3 gxf2+ 38. Rxf2 Rg3+ 39. Kh2
Rg6 40. Rg1 Rh6+ 41. Kg2 Rg6+ 42. Kf1 Rxg1+ 43. Kxg1 Kg7 44. Re2 Bd4+ 45. Kg2
Bf6 46. Kf3 Kf8 47. Ke4 Bd8 48. Kf5 Be7 49. Ke6 Ke8 50. Rh2 Bf8 51. Rh8 1-0

[Event "Championnat de France des Jeunes - Pupi"]
[Site "TROYES"]
[Date "2010.04.12"]
[Round "2.3"]
[White "Le Berre, Audrey"]
[Black "Auvray, Honorine"]
[Result "0-1"]
[WhiteElo "1480"]
[BlackElo "1713"]
[PlyCount "100"]

1. c4 c5 2. g3 Nf6 3. Bg2 d5 4. cxd5 Nxd5 5. Nc3 Nc7 6. Nf3 Nc6 7. O-O e5 8. b3
Be7 9. Bb2 O-O 10. Rc1 f6 11. d3 Rb8 12. Ne4 b6 13. b4 Nxb4 14. a3 Nc6 15. Nfd2
Bb7 16. Nc4 Ne6 17. Ned2 Ned4 18. Nf3 Nxf3+ 19. Bxf3 Nd4 20. Bxb7 Rxb7 21. e3
Ne6 22. Qb3 Qd5 23. a4 Rfb8 24. Qc3 Ng5 25. e4 Qf7 26. Nd2 Rd7 27. h4 Ne6 28.
Nf3 Nd4 29. Nxd4 Rxd4 30. Qc2 Rd7 31. Rfd1 Rbd8 32. Ra1 Bf8 33. a5 b5 34. Ba3
g6 35. Bxc5 Rc8 36. Qb2 Rxc5 37. Kg2 a6 38. Rd2 Bh6 39. Rc2 Rxc2 40. Qxc2 Rc7
41. Qb2 Qd7 42. Qb3+ Kg7 43. Rd1 Qf7 44. Qb2 Rd7 45. Qc2 Rd4 46. Qc8 Qa7 47.
Kh3 Qd7+ 48. Qxd7+ Rxd7 49. f3 Rd4 50. Rc1 Bxc1 0-1

[Event "Championnat de France des Jeunes - Pupi"]
[Site "TROYES"]
[Date "2010.04.12"]
[Round "2.4"]
[White "Sauve, Anne-Charlotte"]
[Black "Saliou, Sarah"]
[Result "1-0"]
[WhiteElo "1690"]
[BlackElo "1470"]
[PlyCount "67"]

1. e4 c5 2. Nf3 g6 3. d3 Nc6 4. Nbd2 Bg7 5. Be2 e6 6. O-O Nge7 7. c3 O-O 8. Re1
d5 9. Bf1 Bd7 10. e5 Qc7 11. d4 cxd4 12. cxd4 Nf5 13. Nb3 Rac8 14. a4 h6 15. a5
a6 16. Nc5 Be8 17. Nb3 Nb4 18. Bd2 Nc6 19. Rc1 Bd7 20. Nc5 Rfe8 21. b4 Rcd8 22.
b5 axb5 23. Bxb5 b6 24. Nxd7 Rxd7 25. Bxc6 bxa5 26. Bxd7 Qxd7 27. Bxa5 Qa7 28.
Ra1 Rb8 29. Bb4 Qd7 30. Bc5 h5 31. Ng5 Bh6 32. Ra7 Rb7 33. Ra8+ Kg7 34. Bf8+
1-0

[Event "Championnat de France des Jeunes - Pupi"]
[Site "TROYES"]
[Date "2010.04.12"]
[Round "2.5"]
[White "Bourgoin, Cecile"]
[Black "Malassagne, Isabelle"]
[Result "0-1"]
[WhiteElo "1470"]
[BlackElo "1680"]
[PlyCount "102"]

1. d4 Nf6 2. c4 g6 3. Nc3 Bg7 4. e3 O-O 5. Bd3 d6 6. f4 Nbd7 7. Nf3 c5 8. O-O
cxd4 9. exd4 Nb6 10. c5 dxc5 11. dxc5 Nbd7 12. Be3 Ng4 13. Bd4 Bxd4+ 14. Nxd4
Ne3 15. Qe2 Nxf1 16. Rxf1 Nxc5 17. Qe3 Nxd3 18. Qxd3 Qb6 19. Qe4 Rd8 20. Nd5
Rxd5 21. Qxd5 Bg4 22. Qe5 Rd8 23. h3 Rxd4 24. Kh1 Bxh3 25. gxh3 Qc6+ 26. Kg1
Rd2 27. Qb8+ Kg7 28. Qe5+ Qf6 29. Qxf6+ Kxf6 30. Rb1 Kf5 31. Rc1 Rxb2 32. Rc7
Ke6 33. Rc8 Rxa2 34. Rh8 b5 35. Rxh7 b4 36. f5+ gxf5 37. Rh4 b3 38. Rf4 b2 39.
Rb4 Ra1+ 40. Kf2 b1=Q 41. Rxb1 Rxb1 42. h4 a5 43. h5 a4 44. h6 a3 45. h7 Rb8
46. Kf3 a2 47. Kf4 a1=Q 48. Kg5 Qc1+ 49. Kh4 Rb4+ 50. Kh5 Qh1+ 51. Kg5 Rg4# 0-1

[Event "Championnat de France des Jeunes - Pupi"]
[Site "TROYES"]
[Date "2010.04.12"]
[Round "2.6"]
[White "Fraval, Julie"]
[Black "Chansavang, Alise"]
[Result "1-0"]
[WhiteElo "1640"]
[BlackElo "1450"]
[PlyCount "111"]

1. e4 d6 2. d4 Nf6 3. Nc3 g6 4. Be3 Bg7 5. f3 O-O 6. Qd2 e5 7. Nge2 Nh5 8. g4
Qh4+ 9. Bf2 Qf6 10. gxh5 Qxf3 11. Ng3 Nc6 12. Be2 Qf6 13. d5 Nd4 14. Rf1 Nxe2
15. Qxe2 Bh3 16. Rg1 c6 17. O-O-O cxd5 18. Nxd5 Qd8 19. Nf1 Qa5 20. Kb1 Kh8 21.
Be3 f5 22. exf5 Bxf5 23. h6 Bf6 24. Nxf6 Rxf6 25. Bg5 Re6 26. Ne3 Rf8 27. Qc4
Ree8 28. Nxf5 Rxf5 29. Rxd6 Ref8 30. c3 b5 31. Qe2 Qc7 32. Qd3 Qc5 33. Be3 Qc7
34. Rd1 a6 35. Rd8 Qe7 36. Rxf8+ Qxf8 37. Qd8 Kg8 38. Bc5 Qxd8 39. Rxd8+ Kf7
40. Rf8+ Ke6 41. Rxf5 Kxf5 42. Be3 Kg4 43. Kc2 Kh3 44. Kd3 Kxh2 45. Ke4 Kg3 46.
Kxe5 Kh4 47. Kf6 Kh5 48. Kg7 g5 49. Kxh7 g4 50. Kg7 g3 51. h7 g2 52. h8=Q+ Kg4
53. Qf8 Kh3 54. Qf5+ Kh2 55. Qf4+ Kh1 56. Qh4# 1-0

[Event "Championnat de France des Jeunes - Pupi"]
[Site "TROYES"]
[Date "2010.04.12"]
[Round "2.8"]
[White "Imperor, Lorene"]
[Black "Gregot, Eva"]
[Result "1-0"]
[WhiteElo "1633"]
[BlackElo "1440"]
[PlyCount "77"]

1. f4 d5 2. Nf3 c5 3. e3 Nc6 4. Bb5 Bd7 5. Bxc6 Bxc6 6. b3 Nf6 7. Bb2 e6 8. O-O
Bd6 9. Ne5 Qc7 10. Nxc6 Qxc6 11. d3 O-O-O 12. Nd2 Rde8 13. Nf3 Ng4 14. Qd2 Nf6
15. Rae1 Re7 16. Ne5 Bxe5 17. fxe5 Nd7 18. d4 f5 19. exf6 gxf6 20. dxc5 Nxc5
21. Bxf6 Ne4 22. Qb4 Rf7 23. Bxh8 Rxf1+ 24. Rxf1 Nc3 25. Qxc3 Qxc3 26. Bxc3 Kd7
27. Rf7+ Kc6 28. Rxh7 Kd6 29. Rxb7 e5 30. h4 Ke6 31. h5 Kf6 32. h6 d4 33. exd4
exd4 34. Bxd4+ Kg6 35. h7 a5 36. h8=Q Kg5 37. Qf6+ Kh5 38. Qf5+ Kh6 39. Rh7#
1-0

[Event "Championnat de France des Jeunes - Pupi"]
[Site "TROYES"]
[Date "2010.04.12"]
[Round "2.9"]
[White "Le Du, Maelle"]
[Black "Banat, Rizlene"]
[Result "0-1"]
[WhiteElo "1440"]
[BlackElo "1608"]
[PlyCount "98"]

1. e4 c5 2. Nf3 e6 3. Bc4 a6 4. a4 Qc7 5. Nc3 Nc6 6. d4 cxd4 7. Nxd4 Nf6 8. Bg5
Be7 9. Nxc6 dxc6 10. f4 O-O 11. b3 Qa5 12. Bxf6 Bxf6 13. e5 Qxc3+ 14. Kf2 Rd8
15. Bd3 Be7 16. Qe2 Qd4+ 17. Kg3 Bc5 18. Rae1 b6 19. Rd1 Qc3 20. Qf3 g6 21. h4
Bb7 22. h5 Kg7 23. hxg6 hxg6 24. Rh7+ Kxh7 25. Bxg6+ Kxg6 26. Qxc3 Rxd1 27. Qf3
Rh1 28. Kg4 Kh6 29. f5 Rg8+ 30. Kf4 Rh4+ 31. g4 Rgxg4+ 32. Qxg4 Rxg4+ 33. Kxg4
exf5+ 34. Kxf5 Bc8+ 35. Kf6 Bd4 36. c4 Bxe5+ 37. Kxe5 f5 38. Kf4 Be6 39. Ke5
Bc8 40. b4 Kg5 41. b5 axb5 42. c5 bxa4 43. cxb6 a3 44. Kd6 a2 45. Kc7 Ba6 46.
Kb8 a1=Q 47. Ka7 Bc8+ 48. Kb8 Qa6 49. b7 Qxb7# 0-1

[Event "Championnat de France des Jeunes - Pupi"]
[Site "TROYES"]
[Date "2010.04.12"]
[Round "2.10"]
[White "Moreau, Lauren"]
[Black "Thomas, Apolline"]
[Result "0-1"]
[WhiteElo "1430"]
[BlackElo "1600"]
[PlyCount "56"]

1. e4 e5 2. Nf3 Nc6 3. Nc3 Nf6 4. d4 exd4 5. Nxd4 Nxd4 6. Qxd4 d6 7. Bc4 Be7 8.
Bg5 O-O 9. O-O-O Ng4 10. Bxe7 Qxe7 11. Nd5 Qd8 12. h4 Ne5 13. f4 Nxc4 14. Qxc4
Be6 15. f5 Bxd5 16. Rxd5 c6 17. Rd3 Qf6 18. Rg3 Qe5 19. Rg5 Qf4+ 20. Kb1 h6 21.
Rh5 Qg4 22. Rxh6 gxh6 23. Rg1 Qxh4 24. Qd4 d5 25. Qd1 dxe4 26. Rh1 Rfd8 27. Qe2
Qxh1+ 28. Qe1 Qxe1# 0-1